[Event "IRI-ch U10"]
[Site "Chess.com INT"]
[Date "2021.01.16"]
[Round "8"]
[White "Hosseini Amini, Seyed Omid Reza"]
[Black "Abdollahi, Amir Ali"]
[Result "1-0"]
[WhiteElo "1002"]
[BlackElo "1128"]
[PlyCount "141"]
[EventDate "2021.01.16"]
[EventType "swiss"]
[EventRounds "11"]
[EventCountry "IRI"]
[SourceTitle "EXT 2022"]
[Source "ChessBase"]
[SourceDate "2021.10.06"]
[SourceVersion "1"]
[SourceVersionDate "2021.10.06"]
[SourceQuality "1"]

1. d4 d5 2. c4 dxc4 3. e4 Nc6 4. d5 Ne5 5. Bf4 f6 6. Bxe5 fxe5 7. Bxc4 Nf6 8. Nc3 g5 9. Nf3 Bg4 10. Qa4+ Qd7 11. Qxd7+ Nxd7 12. Nxg5 0-0-0 13. Nf7 Rg8 14. Nxd8 Kxd8 15. d6 Rg6 16. dxc7+ Kxc7 17. Nd5+ Kb8 18. f3 Be6 19. 0-0 Bh3 20. Ne3 e6 21. Kf2 Bxg2 22. Nxg2 Bc5+ 23. Ke2 Rxg2+ 24. Kd3 Nb6 25. Bxe6 Rxb2 26. Rac1 Bd4 27. f4 a5 28. f5 Na4 29. Bb3 Nc5+ 30. Kc4 Nxe4 31. Rc2 Rxc2+ 32. Kd3 Rxh2 33. Kxe4 Rh4+ 34. Kd5 Bb2 35. f6 Rd4+ 36. Ke6 Ba3 37. Kxe5 Rd8 38. Ba4 h5 39. f7 h4 40. Kf4 Rf8 41. Kg4 Rh8 42. Rf3 Kc7 43. Rxa3 Rf8 44. Rf3 Kb6 45. Kxh4 Kc5 46. Rf4 b5 47. Rf5+ Kb4 48. Bxb5 a4 49. Be8 Ka3 50. Rf4 Kxa2 51. Bxa4 Ka3 52. Be8 Kb3 53. Kg5 Kc3 54. Kg6 Kd3 55. Kg7 Rxf7+ 56. Rxf7 Ke4 57. Kf6 Kd5 58. Re7 Kd4 59. Re5 Kc4 60. Kf5 Kd4 61. Kf4 Kc4 62. Ke4 Kc3 63. Rd5 Kc4 64. Bf7 Kc3 65. Rd4 Kb2 66. Rd3 Kc2 67. Ke3 Kb2 68. Kd2 Ka1 69. Ba2 Kxa2 70. Kc2 Ka1 71. Ra3# 1-0

[Event "IRI-ch U10"]
[Site "Chess.com INT"]
[Date "2021.01.16"]
[Round "10"]
[White "Hosseini Amini, Seyed Omid Reza"]
[Black "Najafi, Amir Reza"]
[Result "1-0"]
[WhiteElo "1002"]
[BlackElo "1090"]
[PlyCount "89"]
[EventDate "2021.01.16"]
[EventType "swiss"]
[EventRounds "11"]
[EventCountry "IRI"]
[SourceTitle "EXT 2022"]
[Source "ChessBase"]
[SourceDate "2021.10.06"]
[SourceVersion "1"]
[SourceVersionDate "2021.10.06"]
[SourceQuality "1"]

1. c4 e5 2. g3 Nc6 3. Bg2 Nf6 4. Nc3 Bc5 5. e3 d6 6. Nge2 Bf5 7. Kf1 Nb4 8. Qa4+ Nc6 9. Bxc6+ bxc6 10. Qxc6+ Bd7 11. Qf3 0-0 12. d4 exd4 13. exd4 Bb6 14. Bg5 h6 15. Bxf6 Qxf6 16. Qxf6 gxf6 17. Kg2 Rfe8 18. Rhe1 Re7 19. Nf4 Rae8 20. Rxe7 Rxe7 21. Nh5 Re6 22. d5 Re7 23. Nxf6+ Kg7 24. Nxd7 Rxd7 25. Re1 Rd8 26. Na4 Ba5 27. Re2 Rb8 28. a3 Rb3 29. Re3 Rxe3 30. fxe3 Bd2 31. e4 Be3 32. Kf3 Bd4 33. b4 Kf6 34. c5 dxc5 35. bxc5 Ke5 36. g4 f6 37. h4 Bg1 38. Nb2 Bxc5 39. Nd3+ Kd4 40. Nxc5 Kxc5 41. Kf4 Kd6 42. Kf5 Ke7 43. Kg6 h5 44. gxh5 a5 45. Kg7 1-0